Solve the Secret Country with Trivia #1 - Statistics

General Stats
  • This quiz has been taken 528 times
  • The average score is 9 of 11
Answer Stats
Stage Clue Country % Correct
1 Only one country borders Portugal. Which one is it? Spain
99%
1 Which country starts with Y? Yemen
99%
1 U.K. is an acronym for which country? United Kingdom
98%
1 Name any country bordering a South American country but not in South America. France / Panama
92%
1 Find the country that has its largest city as Zurich. Switzerland
89%
2 N/A Germany
78%
2 N/A Myanmar
74%
2 N/A Grenada
73%
3 N/A Uruguay
73%
1 There is a peninsula named Anatolia. Which country inhabits it? Turkey
69%
1 A country has a bird-of-paradise on their flag. Which country is it? Papua New Guinea
50%
No matching quizzes found
Score Distribution
Percent of People with Each Score
Percentile by Number Answered
Your Score History
You have not taken this quiz